<?xml version="1.0" encoding="UTF-8"?>
<marc:record xmlns:marc="http://www.loc.gov/MARC21/slim">
   <marc:leader>00000nam a2200000 a 4500</marc:leader>
   <marc:datafield ind1="1" ind2=" " tag="100">
      <marc:subfield code="a">Brown, Jeffrey</marc:subfield>
      <marc:subfield code="4">aut</marc:subfield>
      <marc:subfield code="e">Verfasser/-in</marc:subfield>
   </marc:datafield>
   <marc:datafield ind1=" " ind2=" " tag="653">
      <marc:subfield code="a">Weltraum</marc:subfield>
   </marc:datafield>
   <marc:datafield ind1=" " ind2=" " tag="653">
      <marc:subfield code="a">All</marc:subfield>
   </marc:datafield>
   <marc:datafield ind1=" " ind2=" " tag="653">
      <marc:subfield code="a">Universum</marc:subfield>
   </marc:datafield>
   <marc:datafield ind1=" " ind2=" " tag="653">
      <marc:subfield code="a">Weltall</marc:subfield>
   </marc:datafield>
   <marc:datafield ind1=" " ind2=" " tag="653">
      <marc:subfield code="a">Comicroman</marc:subfield>
   </marc:datafield>
   <marc:datafield ind1=" " ind2=" " tag="653">
      <marc:subfield code="a">Star Wars</marc:subfield>
   </marc:datafield>
   <marc:datafield ind1="0" ind2="0" tag="245">
      <marc:subfield code="a">Jedi Akademie - die fiese Bedrohung</marc:subfield>
   </marc:datafield>
   <marc:datafield ind1="0" ind2="0" tag="245">
      <marc:subfield code="b">[ein Comic-Roman]</marc:subfield>
   </marc:datafield>
   <marc:datafield ind1=" " ind2="1" tag="264">
      <marc:subfield code="b">Panini Books</marc:subfield>
      <marc:subfield code="c">2015</marc:subfield>
   </marc:datafield>
   <marc:datafield ind1="1" ind2=" " tag="490">
      <marc:subfield code="a">Star Wars: Jedi-Akademie</marc:subfield>
   </marc:datafield>
   <marc:datafield ind1="1" ind2=" " tag="520">
      <marc:subfield code="a">Kaum zu glauben, dass das schon mein letztes Jahr auf der Jedi-Akademie sein soll. Ich bin mehr denn je damit beschäftigt, Raumschiffe zu fliegen (na ja, jedenfalls im Simulator), darüber zu rätseln, warum Mr. G. mich nicht leiden kann, mich mit meinen Freunden auf den Jedi-Hindernislauf vorzubereiten und in einer Tour irgendwelchen Voorpaks nachzujagen … (Frag lieber nicht!) Und ausgerechnet jetzt versucht irgendwer mit allen möglichen fiesen Mitteln, mich an der ganzen Schule mieszumachen. Ich muss schleunigst rausfinden, wer dahintersteckt, bevor ich völlig ausflippe. Wieso passiert so was eigentlich immer nur mir? (Verlagsangabe)</marc:subfield>
   </marc:datafield>
   <marc:datafield ind1=" " ind2=" " tag="020">
      <marc:subfield code="a">9783833230165</marc:subfield>
      <marc:subfield code="9">9783833230165</marc:subfield>
   </marc:datafield>
</marc:record>
